00872nam a2200193 a 450000100100000000500170001000800410002704000250006808200160009311000630010924501240017226000600029630000290035670000330038504900090041895201140042795201200054199900170066100003025620200930060156.0110505s2010 dr c 000 0 spa d aDO-SdBNPbspacBNPHU axxxxbM533b1 aRepública Dominicana.bDespacho de la Primera Dama9132710aMemoria biblioteca infantil y juvenil República Dominicana :b1er. Aniversario 2009-2010 /cedición Rosa Arredondo. aSanto Domingo :bDespacho de la Primera Dama,c[2010?]. a95p. :bretrs. ;c27 cm.12aArredondo, Rosa,eed.956938 aBNPD 0010718PDaPDbPDcCTd2011-05-05iLF1l0oxxxx M533bp30256-10r2020-06-25w2020-06-25yLFPDZNo se presta 0010718PDaPDbPDcCTd2011-05-05iLF1l0oxxxx M533bp30256-20r2020-06-25te. 2w2020-06-25yLFPDZNo se presta c29748d29748